Technology of underground liquid storage tank systems / (Record no. 12409)

000 -LEADER
fixed length control field 00473pam a2200169 a 4500
020 ## - INTERNATIONAL STANDARD BOOK NUMBER
ISBN 0471154121 (cloth : alk. paper)
040 ## - CATALOGING SOURCE
Transcribing agency DLC
082 ## - DEWEY DECIMAL CLASSIFICATION NUMBER
Classification number 665 WIL 1997 A041 Or.
100 1# - MAIN ENTRY--AUTHOR NAME
Personal name Hartmann, John P.,
245 10 - TITLE STATEMENT
Title Technology of underground liquid storage tank systems /
260 ## - PUBLICATION, DISTRIBUTION, ETC. (IMPRINT)
Place of publication New York :
Name of publisher Wiley,
Year of publication c1997
300 ## - PHYSICAL DESCRIPTION
Number of Pages xv, 292 p. :
Other physical details ill. ;
Dimensions 24 cm
500 ## - GENERAL NOTE
General note Includes index
650 #0 - SUBJECT ADDED ENTRY--TOPICAL TERM
Topical Term Oil storage tanks
650 #0 - SUBJECT ADDED ENTRY--TOPICAL TERM
Topical Term Petroleum products
942 ## - ADDED ENTRY ELEMENTS (KOHA)
Koha item type សៀវភៅភាសាអង់គ្លេស
952 ## - LOCATION AND ITEM INFORMATION (KOHA)
Withdrawn status [LOCAL, KOHA] 0
Holdings
Permanent Location Date acquired Koha item type Lost status Shelving location Barcode Current Location Full call number
Library Block A2017-08-14សៀវភៅភាសាអង់គ្លេស A041A15696Library Block A665 WIL 1997 A041 Or.
មជ្ឈមណ្ឌលឯការនៃសាកលវិទ្យាល័យភូមិន្ទកសិកម្មចំការដូង

Powered by Koha